000 00536nam a2200193Ia 4500
003 OSt
005 20220926035223.0
006 a|||||r|||| 00| 0
007 ta
008 220923b |||||||| |||| 00| 0 eng d
037 _cGeneral Book
040 _aRTL
_cRTL
_beng
041 _2eng
_aeng
082 _aXn41,N55, J6
100 _aKirby E Stuart Ed.
_9122378
245 0 _aContemporary China
_b Economic and social studies do
942 _hXn41,N55, J6
_cGB
_2CC
999 _c661587
_d661587